20,000 leagues under the sea

Bibliographic Details
Main Author: Verne, Jules
Format: Book
Series:A magna adventure classic
Subjects:

MARC

LEADER 00000cam a2200000 7i4500
001 0000006423
002 000006932
005 20000330.0
020 |a 1854227408 
090 0 0 |a JF   |b VER 
100 1 |a Verne, Jules 
245 1 0 |a 20,000 leagues under the sea   |c Jules Verne ; illustrated by Van Gool 
300 |a 60p. :   |b ill. ;   |c 29cm. 
490 0 |a A magna adventure classic 
650 0 0 |a Adventure stories 
999 |a 039996   |b BUKU   |c PINJAMAN   |e PERPUSTAKAAN KOMUNITI PETALING JAYA 
999 |a 039997   |b BUKU   |c PINJAMAN   |e PERPUSTAKAAN KOMUNITI PETALING JAYA 
999 |a 039998   |b BUKU   |c PINJAMAN   |e PERPUSTAKAAN KOMUNITI PETALING JAYA